<?xml version="1.0" encoding="UTF-8"?><?xml-stylesheet type="text/xsl" href="static/style.xsl"?><OAI-PMH xmlns="http://www.openarchives.org/OAI/2.0/" xmlns:xsi="http://www.w3.org/2001/XMLSchema-instance" xsi:schemaLocation="http://www.openarchives.org/OAI/2.0/ http://www.openarchives.org/OAI/2.0/OAI-PMH.xsd"><responseDate>2026-04-13T05:48:12Z</responseDate><request verb="GetRecord" identifier="oai:www.recercat.cat:2445/162486" metadataPrefix="marc">https://recercat.cat/oai/request</request><GetRecord><record><header><identifier>oai:recercat.cat:2445/162486</identifier><datestamp>2025-12-05T14:34:04Z</datestamp><setSpec>com_2072_1057</setSpec><setSpec>col_2072_478917</setSpec><setSpec>col_2072_478923</setSpec></header><metadata><record xmlns="http://www.loc.gov/MARC21/slim" xmlns:dcterms="http://purl.org/dc/terms/" xmlns:xsi="http://www.w3.org/2001/XMLSchema-instance" xmlns:doc="http://www.lyncode.com/xoai" xsi:schemaLocation="http://www.loc.gov/MARC21/slim http://www.loc.gov/standards/marcxml/schema/MARC21slim.xsd">
   <leader>00925njm 22002777a 4500</leader>
   <datafield ind2=" " ind1=" " tag="042">
      <subfield code="a">dc</subfield>
   </datafield>
   <datafield ind2=" " ind1=" " tag="720">
      <subfield code="a">Wu, Jun</subfield>
      <subfield code="e">author</subfield>
   </datafield>
   <datafield ind2=" " ind1=" " tag="720">
      <subfield code="a">Fan, Tailiang</subfield>
      <subfield code="e">author</subfield>
   </datafield>
   <datafield ind2=" " ind1=" " tag="720">
      <subfield code="a">Gómez Rivas, Enrique</subfield>
      <subfield code="e">author</subfield>
   </datafield>
   <datafield ind2=" " ind1=" " tag="720">
      <subfield code="a">Gao, Zhiqian</subfield>
      <subfield code="e">author</subfield>
   </datafield>
   <datafield ind2=" " ind1=" " tag="720">
      <subfield code="a">Yao, Shuqing</subfield>
      <subfield code="e">author</subfield>
   </datafield>
   <datafield ind2=" " ind1=" " tag="720">
      <subfield code="a">Li, Wenhuan</subfield>
      <subfield code="e">author</subfield>
   </datafield>
   <datafield ind2=" " ind1=" " tag="720">
      <subfield code="a">Zhang, Chenjia</subfield>
      <subfield code="e">author</subfield>
   </datafield>
   <datafield ind2=" " ind1=" " tag="720">
      <subfield code="a">Sun, Qingqing</subfield>
      <subfield code="e">author</subfield>
   </datafield>
   <datafield ind2=" " ind1=" " tag="720">
      <subfield code="a">Gu, Yu</subfield>
      <subfield code="e">author</subfield>
   </datafield>
   <datafield ind2=" " ind1=" " tag="720">
      <subfield code="a">Xiang, Man</subfield>
      <subfield code="e">author</subfield>
   </datafield>
   <datafield ind2=" " ind1=" " tag="260">
      <subfield code="c">2020-05-26T13:38:53Z</subfield>
   </datafield>
   <datafield ind2=" " ind1=" " tag="260">
      <subfield code="c">2021-01-15T06:10:23Z</subfield>
   </datafield>
   <datafield ind2=" " ind1=" " tag="260">
      <subfield code="c">2019-01-15</subfield>
   </datafield>
   <datafield ind2=" " ind1=" " tag="260">
      <subfield code="c">2020-05-26T13:38:54Z</subfield>
   </datafield>
   <datafield ind2=" " ind1=" " tag="520">
      <subfield code="a">Evaluating the heterogeneity and sealing capacity of carbonate cap rocks is of great significance for hydrocarbon production. However, the main controls on pore size distribution in carbonate cap rocks are not well constrained. In this contribution we analyze drill core samples of carbonate cap rocks from the Ordovician Yingshan Formation (Tarim Basin) to study their pore properties and investigate the controls of pore-throat structure and fractal dimension on the sealing capacity of the cap rock. Results from petrography and a combination of mercury injection capillary pressure and nitrogen gas adsorption tests reveal that there are four lithological cap rock types, with micrite being the most prevalent one, followed by calcarenite. Six types of pore-throat structures and fractal dimensions (from D1 to D6) are classified based on the pore size distributions, including macropore-I, macropore-II, mesopore-I, mesopore-II, transitional pore-I and transitional pore-II. The fractal dimensions show that there is a decreasing trend from D1 to D6 with decreasing pore-size diameter, suggesting that the macropore and mesopore types present more complex pore-throat structures than the transitional type. The total fractal dimension (Dtotal) indicates that the pore throat structures are complex and heterogeneous. The sealing heights of the gas column have a positive correlation with cement content in calcarenite and a negative correlation with microfracture density. Mesopore-II and transitional pore types make a significant contribution to enhancing the breakthrough pressure. The fractal variations mainly result from macropores and mesopores, while transitional pores and micropores weaken the impact of the whole pore system on the Dtotal value. The heterogeneity and anisotropy of macropores is the main control on the sealing capacity of the cap rock. The increasing of D1 considerably contributes to the pore shape heterogeneity and enhances the capillary resistance force to hydrocarbon migration. Therefore, the fractal dimension is an effective approach for investigating the pore throat structure and sealing capacity of carbonate cap rocks.</subfield>
   </datafield>
   <datafield tag="653" ind2=" " ind1=" ">
      <subfield code="a">Roques calcàries</subfield>
   </datafield>
   <datafield tag="653" ind2=" " ind1=" ">
      <subfield code="a">Porositat</subfield>
   </datafield>
   <datafield tag="653" ind2=" " ind1=" ">
      <subfield code="a">Carbonate rocks</subfield>
   </datafield>
   <datafield tag="653" ind2=" " ind1=" ">
      <subfield code="a">Porosity</subfield>
   </datafield>
   <datafield ind2="0" ind1="0" tag="245">
      <subfield code="a">Impact of pore structure and fractal characteristics on the sealing capacity of Ordovician carbonate cap rock in the Tarim Basin, China</subfield>
   </datafield>
</record></metadata></record></GetRecord></OAI-PMH>